|
|
|
|
| LEADER |
01888cas a2200241 a 4500 |
| 001 |
AALejournalIMF013205 |
| 008 |
230101c9999 xx r poo 0 0eng d |
| 020 |
|
|
|c 5.00 USD
|
| 020 |
|
|
|z 9781475513486
|
| 022 |
|
|
|a 1018-5941
|
| 040 |
|
|
|a BD-DhAAL
|c BD-DhAAL
|
| 100 |
1 |
|
|a Gonzalez, Maria.
|
| 245 |
1 |
0 |
|a Nonfinancial Firms in Latin America :
|b A Source of Vulnerability? /
|c Maria Gonzalez.
|
| 264 |
|
1 |
|a Washington, D.C. :
|b International Monetary Fund,
|c 2012.
|
| 300 |
|
|
|a 1 online resource (41 pages)
|
| 490 |
1 |
|
|a IMF Working Papers
|
| 500 |
|
|
|a <strong>Off-Campus Access:</strong> No User ID or Password Required
|
| 500 |
|
|
|a <strong>On-Campus Access:</strong> No User ID or Password Required
|
| 506 |
|
|
|a Electronic access restricted to authorized BRAC University faculty, staff and students
|
| 520 |
3 |
|
|a We examine corporate sector vulnerabilities in Brazil, Chile, Colombia, Mexico and Peru. First, we identify stylized facts based on corporate financial indicators. Second, we assess vulnerability of individual firms to a sudden stop in financing through a probit model, using a panel of 18 countries in 2000-11. Results suggest that higher leverage and maturity exposures raise a firm's probability to become exposed to a funding shock, while a larger firm size and buffers reduce it. Further, greater exchange rate flexibility can help mitigate corporate vulnerability. Identification of firms at risk through the model suggests that some vulnerabilities may be building in Latin America led by leverage, currency exposures and moderating buffers. These effects are partially offset, however, by a significant reduction in maturity exposures.
|
| 538 |
|
|
|a Mode of access: Internet
|
| 830 |
|
0 |
|a IMF Working Papers; Working Paper ;
|v No. 2012/279
|
| 856 |
4 |
0 |
|z Full text available on IMF
|u http://elibrary.imf.org/view/journals/001/2012/279/001.2012.issue-279-en.xml
|z IMF e-Library
|